| 000 | 01332nam a2200253 a 4500 | ||
|---|---|---|---|
| 008 | 120416s1988 ||||||||||||||||| || u | ||
| 020 | _a0314623175 | ||
| 050 | _aHF 5549 Mat | ||
| 100 | _aMathis, Robert L., 1944- | ||
| 245 | 1 | 0 | _aPersonnel/human resource management / |
| 250 | _a5th ed. | ||
| 260 |
_aSt. Paul : _bWest Pub. Co _c1988 |
||
| 300 | _axxxiv, 639, [17] p. : ill. | ||
| 350 | _a0.00 | ||
| 500 | _aBibliography | ||
| 650 | 0 | _aPERSONNEL MANAGEMENT | |
| 650 | 0 | _aMANAGEMENT | |
| 700 | _aJackson, John Harold | ||
| 995 |
_aMAIN LIBRARY OPEN ACCESS _D0.00 _e725530 _FCBU-MAIN LIBRARY (Kitwe) _H3 _I34.50 _jHF 5549 Mat _M1 _UAVAILABLE _y006153 _ZMain Library Open Access Collection |
||
| 995 |
_aANNEX COLLECTION (Main Library) _D0.00 _e725531 _FCBU-MAIN LIBRARY (Kitwe) _H1 _I34.50 _jHF 5549 Mat _M2 _UAVAILABLE _y006154 _ZAnnex Low-Usage Collection |
||
| 995 |
_aTEXTBOOKS (MIN.ENG.) _D0.00 _e3998 _FCBU-SCHOOL TEXTBOOK COLLECTIONS _H1 _I0.00 _jSCHOOL TEXTBOOK _M4 _UAVAILABLE _WAug 20, 2009 _y3998 _ZSchool Collections |
||
| 995 |
_aMAIN LIBRARY OPEN ACCESS _D0.00 _e725532 _FCBU-MAIN LIBRARY (Kitwe) _H2 _I34.50 _jHF 5549 Mat _M3 _UAVAILABLE _y006155 _ZMain Library Open Access Collection |
||
| 995 |
_aTEXTBOOKS (SBE) _D0.00 _e5545 _FCBU-SCHOOL TEXTBOOK COLLECTIONS _H1 _I0.00 _jSCHOOL TEXTBOOK _M5 _UAVAILABLE _WSep 14, 2009 _y5545 _ZSchool Collections |
||
| 999 |
_c81819 _d81819 |
||